000 00665nam a2200253Ia 4500
001 35266
005 20240114001808.0
007 ta
008 070316s1986 a g b000 u asm u
020 _cHB
040 _aCotton College,Assam
041 _aasm
082 _a928
_bTa 14 As
100 _aTalukdar, Dinabandhu .
245 0 _aAsam Keshari Ambikagiri /
_cDinabandhu Talukdar.
_hTextual Documents
250 _a1st ed. /
260 _aGuwahati :
_bMrityunjoy Prakashan ,
_c1986.
300 _a50p. :
_bill ;
_c22cm .
653 _aBiography-Writers
653 _aG-Biography
942 _2ddc
_cBK
999 _c35248
_d35248